书目信息 |
| 题名: |
轮滑
|
|
| 作者: | 邓立平 编著 | |
| 分册: | ||
| 出版信息: | 厦门 厦门大学出版社 2006 |
|
| 页数: | 198页 | |
| 开本: | 21cm | |
| 丛书名: | ||
| 单 册: | ||
| 中图分类: | G862.8 | |
| 科图分类: | ||
| 主题词: | 滑轮滑冰--基本知识 , 滑轮滑冰 | |
| 电子资源: | ||
| ISBN: | 7-5615-2586-9 | |
| 000 | 00755nam0 2200229 450 | |
| 001 | 003338211 | |
| 005 | 20070808182713.60 | |
| 010 | @a7-5615-2586-9@dCNY12.00 | |
| 100 | @a20060104d2006 em y0chiy0110 ea | |
| 101 | 0 | @achi |
| 102 | @aCN@b350000 | |
| 105 | @aa z 000yy | |
| 200 | 1 | @a轮滑@9lun hua@f邓立平编著 |
| 210 | @a厦门@c厦门大学出版社@d2006 | |
| 215 | @a198页@c图@d21cm | |
| 330 | @a本书介绍了轮滑运动的发展趋势及轮滑的运动价值;轮滑运动的一些基本知识;轮滑运动的各项技术;速度轮滑的教学方法;轮滑运动训练的手段;滑板运动的场地器材及一些技术特点。 | |
| 606 | 0 | @a滑轮滑冰@x基本知识 |
| 606 | 0 | @a滑轮滑冰 |
| 690 | @aG862.8@v4 | |
| 701 | 0 | @a邓立平@9deng li ping@c(轮滑运动)@4编著 |
| 801 | 0 | @aCN@bNLC@c20070808 |
| 905 | @a10447@dG862.8@e62 | |
| 轮滑/邓立平编著.-厦门:厦门大学出版社,2006 |
| 198页:图;21cm |
| ISBN 7-5615-2586-9:CNY12.00 |
| 本书介绍了轮滑运动的发展趋势及轮滑的运动价值;轮滑运动的一些基本知识;轮滑运动的各项技术;速度轮滑的教学方法;轮滑运动训练的手段;滑板运动的场地器材及一些技术特点。 |
| ● |
| 相关链接 |
|
|
|
|
正题名:轮滑
索取号:G862.8/62
 
预约/预借
| 序号 | 登录号 | 条形码 | 馆藏地/架位号 | 状态 | 备注 |
| 1 | 0809632 | 208096326 | 第一样本阅览室/ [索取号:G862.8/62] | 在馆 | |
| 2 | 0809633 | 208096335 | 第四借阅区/ [索取号:G862.8/62] | 在馆 | |
| 3 | 0809634 | 208096344 | 第四借阅区/ [索取号:G862.8/62] | 在馆 | |
| 4 | 0809635 | 208096353 | 第四借阅区/ [索取号:G862.8/62] | 在馆 | |
| 5 | 0810014 | 208100142 | 密集书库-体育系/ [索取号:G862.8/62] | 在馆 |